[Event "Olympiad Women 2024"]
[Site "Budapest HUN"]
[Date "2024.09.18"]
[Round "7.30"]
[Board "4"]
[White "Zavala Galindo, Alejandra Beatriz"]
[Black "Dubois, Martine"]
[Result "1-0"]
[WhiteElo "1870"]
[BlackElo "1816"]
[PlyCount "91"]
[EventDate "2024.09.11"]
[WhiteTeam "El Salvador"]
[BlackTeam "Monaco"]
[WhiteTeamCountry "ESA"]
[BlackTeamCountry "MNC"]

1. Nf3 d5 2. g3 Nd7 3. Bg2 e5 4. d3 Ngf6 5. O-O c6 6. c4 Bd6 7. cxd5 cxd5 8. Nc3 O-O 9. e4 ({RR} 9. Nh4 d4 10. Nb5 Bc5 11. Bd2 a6 12. Na3 Re8 13. Nc4 a5 14. Rc1 a4 15. b4 axb3 16. Qxb3 Bf8 17. Rc2 Ra6 18. Bb4 Bxb4 19. Qxb4 Nb6 20. Nxb6 Rxb6 21. Qa5 Qd6 {½-½ Ivanisevic,I (2643)-Nisipeanu,L (2652) ROM-chT Calimanesti 2014 (2.5)}) 9... d4 10. Nb5 $146 ({RR} 10. Ne2 Nc5 11. b4 Ncd7 12. Qb3 a5 13. Bd2 axb4 14. Bxb4 Bxb4 15. Qxb4 Qa5 16. a3 b6 17. Rfd1 Ba6 18. Nh4 Nc5 19. Qb1 g6 20. f4 Ng4 21. fxe5 Ne3 22. Nxd4 Nxd1 23. Qxd1 Nxd3 24. Nc6 Qc5+ {0-1 McCoy,O (2075)-Jacobson,B (2491) Titled Tuesday intern op 02nd Mar blitz 2021 (1)}) 10... Bb8 11. a4 Nc5 12. b4 Na6 13. Rb1 Re8 14. Na3 Bd7 15. Nc4 b5 16. axb5 Bxb5 17. Na3 Qd7 18. Bg5 Bd6 19. Bxf6 gxf6 20. Nxb5 Qxb5 21. Nh4 Kh8 22. Qh5 Rg8 23. Qxf7 Rg7 24. Qxf6 Be7 25. Qh6 Bxh4 26. Qxh4 Nxb4 27. f4 a5 28. fxe5 Qxe5 29. Rf5 Qe7 30. Qh5 Nxd3 31. Rxa5 Rxa5 32. Qxa5 Rg8 33. Qd2 Ne5 34. Qxd4 Rd8 35. Qb4 Rd1+ 36. Bf1 Nf3+ 37. Kf2 Rd2+ 38. Be2 Qf6 39. Qb8+ Rd8 40. Qf4 Qd4+ 41. Kxf3 Qc3+ 42. Kg2 Rc8 43. Rb8 Rxb8 44. Qxb8+ Kg7 45. Qb7+ Kf8 46. Qxh7 1-0

[Event "Olympiad Women 2024"]
[Site "Budapest HUN"]
[Date "2024.09.18"]
[Round "7.31"]
[Board "1"]
[White "Arakhamia-Grant, Ketevan"]
[Black "Mayorga Araya, Sofia"]
[Result "1/2-1/2"]
[WhiteElo "2263"]
[BlackElo "2059"]
[PlyCount "93"]
[EventDate "2024.09.11"]
[WhiteTeam "Scotland"]
[BlackTeam "Costa Rica"]
[WhiteTeamCountry "SCO"]
[BlackTeamCountry "CRI"]

1. e4 c5 2. Nf3 d6 3. Bb5+ Nd7 4. O-O a6 5. Bxd7+ Bxd7 6. Re1 e6 7. c3 Nf6 8. d4 cxd4 9. cxd4 d5 10. e5 Ne4 11. Nbd2 ({RR} 11. Nc3 Nxc3 12. bxc3 Be7 13. Bf4 O-O 14. Rb1 Bc6 15. Nd2 Qa5 16. Qg4 Rfc8 17. Re3 Bb5 18. Rh3 Rxc3 19. Nf3 Rac8 20. Qh5 Bd3 21. Re1 Bg6 22. Qg4 Rxf3 {0-1 Da Silva,G (2066)-Harutyunyan,S (2268) Titled Tue 7th May Early 2024 (10)}) 11... Nxd2 12. Bxd2 Be7 13. Qb3 Rb8 $146 ({RR} 13... b5 14. Bb4 O-O 15. Rac1 Bxb4 16. Qxb4 Rc8 17. Qd6 a5 18. Rc5 Rxc5 19. dxc5 Qc8 20. Nd4 Rd8 21. Qb6 Be8 22. c6 Qa8 23. c7 Rc8 24. Rc1 b4 25. Rc5 b3 26. axb3 {1-0 Boydia,S (2040)-Tadese,E (2097) Online Olym Div4 C rapid 2020 (6.5)}) 14. Rac1 a5 15. h4 h6 16. h5 b5 17. Nh2 O-O 18. Qg3 Bh4 19. Qg4 Kh8 20. Nf3 Be7 21. Qh3 b4 22. g4 Bb5 23. Nh2 f5 24. exf6 Bxf6 25. Nf3 Bd3 26. Ne5 Bxe5 27. Rxe5 Be4 28. g5 Rc8 29. Rxc8 Qxc8 30. gxh6 Qc2 31. hxg7+ Kxg7 32. Bh6+ Kh7 33. Bxf8 Qd1+ 34. Kh2 Qh1+ 35. Kg3 Qf3+ 36. Kh4 Qf6+ 37. Kg3 Qf3+ 38. Kh4 Qf6+ 39. Rg5 Qf4+ 40. Qg4 Qh2+ 41. Qh3 Qf4+ 42. Rg4 Qf6+ 43. Kg3 Qf3+ 44. Kh2 Qh1+ 45. Kg3 Qf3+ 46. Kh4 Qf6+ 47. Rg5 1/2-1/2

[Event "Olympiad Women 2024"]
[Site "Budapest HUN"]
[Date "2024.09.18"]
[Round "7.31"]
[Board "2"]
[White "Rodriguez Arrieta, Maria Elena"]
[Black "Roy, Ali"]
[Result "0-1"]
[WhiteElo "1941"]
[BlackElo "1961"]
[PlyCount "60"]
[EventDate "2024.09.11"]
[WhiteTeam "Costa Rica"]
[BlackTeam "Scotland"]
[WhiteTeamCountry "CRI"]
[BlackTeamCountry "SCO"]

1. e4 {Donaldson,John W} e6 2. d3 d5 3. Nd2 Nf6 4. Ngf3 c5 5. g3 Nc6 6. Bg2 Be7 7. O-O O-O 8. e5 Nd7 9. Re1 b5 10. Nf1 a5 11. h4 Ba6 12. Bf4 b4 13. N1h2 Bb5 ({RR} 13... a4) ({RR} 13... c4 14. d4 c3 15. b3 Re8 16. Ng5 Bxg5 17. hxg5 Nf8 18. Be3 Ng6 19. Qh5 Nce7 20. Bh3 Bc8 21. a3 Bd7 22. a4 Nf5 23. Bf1 Qb6 24. Rad1 Kh8 25. Ng4 Bc8 26. Kg2 Kg8 27. Bb5 Re7 28. Rh1 {1-0 Amin,B (2690)-Materia,M (2281) Djerba Blitz Masters 2020 (11)}) ({RR} 13... c4 14. d4 a4 15. c3 bxc3 16. bxc3 Qa5 17. Qc2 Rfb8 18. Bg5 a3 19. Rab1 Nb6 20. Ng4 Na4 21. Bxe7 Nxe7 22. Ng5 Nf5 23. Bxd5 Qxd5 24. Rxb8+ Rxb8 25. Qxa4 Bb7 26. Rb1 Qh1# {0-1 Brown,C (1616)-Smith,A (1691) British Rapidplay 2024 (8.82)}) 14. h5 h6 ({RR} 14... a4) 15. Qd2 $146 ({RR} 15. Ng4 c4 16. d4 a4 17. a3 c3 18. bxc3 bxc3 19. Re3 Qa5 20. Qe1 Nb6 21. Rxc3 Nc4 22. Bf1 Qa6 23. Qc1 ({RR} 23. Bxh6) 23... Nxa3 24. Bxh6 Bxf1 25. Bxg7 Kxg7 26. Qh6+ Kg8 27. Nf6+ Bxf6 28. exf6 {1-0 Andries,C (1947)-Rakonitz,D (1568) San Francisco TNM Fall op 2014 (3)}) 15... Rb8 16. Ng4 c4 17. Ne3 c3 18. bxc3 bxc3 19. Qc1 Ba4 20. d4 Qb6 21. Bh3 Nxd4 22. Nxd4 Qxd4 23. Ng4 Rb2 24. Re2 Nc5 25. Be3 Qc4 26. Qd1 d4 27. Bf4 d3 28. Re3 Rxc2 29. Qf3 d2 30. Rf1 Rc1 0-1

[Event "Olympiad Women 2024"]
[Site "Budapest HUN"]
[Date "2024.09.18"]
[Round "7.31"]
[Board "3"]
[White "Cooke, Suzie G."]
[Black "Acevedo Mendez, Jennifer"]
[Result "0-1"]
[WhiteElo "1941"]
[BlackElo "1836"]
[PlyCount "158"]
[EventDate "2024.09.11"]
[WhiteTeam "Scotland"]
[BlackTeam "Costa Rica"]
[WhiteTeamCountry "SCO"]
[BlackTeamCountry "CRI"]

1. d4 d5 2. Bf4 Nf6 3. e3 e6 4. Nd2 Bd6 5. Bg3 O-O 6. Bd3 c5 7. c3 Qc7 8. Bxd6 Qxd6 9. f4 b5 ({RR} 9... b6 10. Ngf3 Ba6 11. Bxa6 Nxa6 12. Ne5 Nc7 13. Qf3 Nd7 14. O-O f6 15. Nxd7 Qxd7 16. Qh3 Rac8 17. Rf3 Nb5 18. Raf1 Nd6 19. g4 b5 20. Qh4 g6 21. Nb3 Ne4 22. dxc5 Nxc5 23. Nxc5 Rxc5 24. Qf2 {½-½ Ni,H (2671)-Meier,G (2650) Wch Blitz Riadh 2017 (21)}) ({RR} 9... cxd4 10. cxd4 Nc6 11. a3 Bd7 12. Ngf3 Ng4 13. Qe2 f5 14. O-O Be8 15. Ne5 Nf6 16. h3 Ne4 17. g4 Ne7 18. Bxe4 fxe4 19. Rfb1 Bd7 20. Rc1 Rfc8 21. Qe1 Be8 22. Rxc8 Rxc8 23. Rc1 Rc7 24. Nb3 {0-1 Bestard Borras,M (2113)-Tikhonov,V (2160) Titled Tue 7th May Late 2024 (2)}) 10. a3 c4 11. Bc2 Bb7 $146 ({RR} 11... a5 12. Ngf3 Na6 13. O-O Bb7 14. Ne5 b4 15. Rf3 Nc7 16. Rh3 g6 17. Qe1 Rfb8 18. Qh4 Nce8 19. Ba4 Kg7 20. Ndf3 Qe7 21. Qh6+ Kg8 22. Ng5 Qf8 23. Bxe8 Rxe8 24. Nxh7 Qxh6 25. Nxf6+ Kg7 26. Nxe8+ {1-0 Vu,T (1818)-Le,T (1747) VIE-chB (Women) 2018 (3)}) 12. Qf3 a5 13. Ne2 Nc6 14. O-O a4 15. Ng3 Na5 16. e4 dxe4 17. Ndxe4 Nxe4 18. Nxe4 Qe7 19. f5 exf5 20. Qxf5 Bxe4 21. Bxe4 g6 22. Qf4 Rad8 23. Rae1 Qd6 24. Qg5 Qd7 25. Bf5 Qd5 26. Re5 Qc6 27. Be4 Qd7 28. Rxb5 h6 29. Qe5 Nb3 30. Rb7 Qg4 31. Bf3 Qc8 32. Rc7 Qb8 33. Re7 Nd2 34. Qxb8 Rxb8 35. Rfe1 Nxf3+ 36. gxf3 Rxb2 37. Ra7 Rb3 38. Rxa4 Rxc3 39. Kg2 Rb8 40. d5 Rb2+ 41. Kg3 Rbb3 42. d6 Rxf3+ 43. Kg2 Rfd3 44. Rxc4 Rxd6 45. a4 Rd2+ 46. Kg1 Ra2 47. Rf1 Rbb2 48. Rh4 Kg7 49. Kh1 g5 50. Rg4 Rxh2+ 51. Kg1 Rhb2 52. Rd1 Kg6 53. Rc4 f6 54. Kf1 h5 55. Kg1 g4 56. Rc6 Rxa4 57. Rf1 Raa2 58. Rfxf6+ Kg5 59. Rg6+ Kh4 60. Rc1 Rg2+ 61. Kh1 Rh2+ 62. Kg1 Rag2+ 63. Kf1 Rh1+ 64. Kxg2 Rxc1 65. Rd6 Rc2+ 66. Kg1 Kh3 67. Rd3+ g3 68. Rd1 h4 69. Rb1 Rg2+ 70. Kh1 Re2 71. Kg1 Kg4 72. Rf1 h3 73. Rb1 Kf3 74. Rb3+ Re3 75. Rb1 g2 76. Kh2 Kf2 77. Rb2+ Re2 78. Rb1 Re1 79. Rb2+ Kf1 0-1

[Event "Olympiad Women 2024"]
[Site "Budapest HUN"]
[Date "2024.09.18"]
[Round "7.31"]
[Board "4"]
[White "Canales Chinchilla, Victoria"]
[Black "Bhatia, Kanishka"]
[Result "1/2-1/2"]
[WhiteElo "1825"]
[BlackElo "1908"]
[PlyCount "148"]
[EventDate "2024.09.11"]
[WhiteTeam "Costa Rica"]
[BlackTeam "Scotland"]
[WhiteTeamCountry "CRI"]
[BlackTeamCountry "SCO"]

1. e4 e6 2. d4 d5 3. Nd2 dxe4 4. Nxe4 Nd7 5. Nf3 Ngf6 6. Bg5 Be7 7. Nxf6+ Nxf6 8. Bd3 O-O 9. Qd2 c5 ({RR} 9... b6 10. Bxf6 Bxf6 11. Be4 Rb8 12. Qd3 h6 13. O-O-O c5 14. h4 Qc7 15. g4 Qf4+ 16. Qe3 Qxg4 17. Ne5 cxd4 18. Rxd4 Qh5 19. f4 Bxe5 20. fxe5 Bb7 21. Rd7 Bxe4 22. Qxe4 a5 23. Rd6 b5 24. b3 {0-1 Filippov,A (2583)-Anastasian,A (2566) Abu Dhabi op 19th 2009 (7)}) ({RR} 9... Qd5 10. c4 Qd6 11. O-O b6 12. Rad1 Bb7 13. Ne5 Rad8 14. Qe3 c5 15. Qh3 g6 16. Bh6 cxd4 17. Bxf8 Bxf8 18. Ng4 Bg7 19. Nxf6+ Bxf6 20. Rfe1 Qb4 21. b3 Kg7 22. Be4 Bc8 23. Qf3 Qa5 24. Qe2 {1-0 Goryachkina,A (2533)-Thet Naung (2267) Titled Tue 3rd Sep Early 2024 (5)}) 10. dxc5 Qc7 11. O-O-O b6 12. Bf4 $146 ({RR} 12. h4 bxc5 13. Bxf6 Bxf6 14. Ng5 h6 15. f4 c4 16. Bh7+ Kh8 17. c3 Bxg5 18. hxg5 Kxh7 19. Qd4 Bb7 20. gxh6 f6 21. hxg7+ Kxg7 22. Rh4 Rf7 23. Rdh1 Kf8 24. f5 e5 25. Qg4 Ke7 26. Rd1 e4 {0-1 Liu,Y (2311)-Loh,Z (2340) Adelaide Lidums IM 2016 (1)}) 12... Qxc5 13. Ne5 Bb7 14. Rhg1 Rfd8 15. Qe2 Rac8 16. g4 Nd5 17. Bd2 Ba6 18. c3 Bxd3 19. Nxd3 Qc4 20. Kb1 b5 21. Qf3 Bd6 22. Rge1 a5 23. g5 b4 24. Rc1 Qb5 25. Ne5 Bxe5 26. Rxe5 bxc3 27. Bxc3 Nxc3+ 28. Qxc3 Qd7 29. Rc5 Rxc5 30. Qxc5 Qd3+ 31. Ka1 a4 32. a3 g6 33. f4 Qd4 34. Qc4 Qd2 35. Rc2 Qa5 36. Rc1 Rb8 37. Qc7 Qb5 38. Rc2 Re8 39. Qc4 Qa5 40. Qc6 Rd8 41. Qc4 e5 42. fxe5 Qxe5 43. h4 Rd4 44. Qc8+ Kg7 45. Qc3 Rd1+ 46. Ka2 Qxc3 47. Rxc3 Rd4 48. Rh3 h6 49. gxh6+ Kxh6 50. b3 axb3+ 51. Kxb3 f5 52. a4 Kh5 53. a5 Kg4 54. Rh1 f4 55. a6 f3 56. a7 Rd8 57. Rg1+ Kxh4 58. Rxg6 Rf8 59. Rf6 Rxf6 60. a8=Q f2 61. Qe4+ Kg3 62. Qe5+ Rf4 63. Qg5+ Rg4 64. Qf5 Rf4 65. Qg5+ Kf3 66. Qh5+ Ke3 67. Qe5+ Re4 68. Qf5 Rf4 69. Qe5+ Kf3 70. Qh5+ Rg4 71. Qf5+ Kg3 72. Kc3 Rf4 73. Qg5+ Rg4 74. Qf5 Rf4 1/2-1/2

[Event "Olympiad Women 2024"]
[Site "Budapest HUN"]
[Date "2024.09.18"]
[Round "7.32"]
[Board "1"]
[White "Castillo Pena, Patricia Evarista"]
[Black "Noshin, Anjum"]
[Result "1/2-1/2"]
[WhiteElo "1928"]
[BlackElo "2085"]
[PlyCount "84"]
[EventDate "2024.09.11"]
[WhiteTeam "Dominican Republic"]
[BlackTeam "Bangladesh"]
[WhiteTeamCountry "DOM"]
[BlackTeamCountry "BAN"]

1. d4 d5 2. Nf3 Nf6 3. e3 c6 4. Nbd2 Bg4 5. c4 e6 6. h3 Bh5 7. g4 Bg6 8. Ne5 Nbd7 9. h4 dxc4 10. Bxc4 $146 ({RR} 10. Ndxc4 Be4 11. Rh3 h6 12. g5 Nd5 13. Nxd7 Qxd7 14. a3 Bd6 15. Bd2 O-O-O 16. Nxd6+ Qxd6 17. Qa4 a6 18. Rc1 hxg5 19. Bxa6 Nb6 20. Qa5 Qc7 21. Bf1 Rd5 22. Qa7 Nd7 23. hxg5 Rxh3 24. Bxh3 Rxg5 {0-1 Sattarov,F (2291)-Nuritdinov,N (1879) Tashkent New Year-B 2010 (1)}) ({RR} 10. h5 Bd3 11. Nxd3 cxd3 12. Bxd3 h6 13. Ne4 Nd5 14. Qb3 Qb6 15. Qxb6 axb6 16. Bd2 e5 17. dxe5 Nxe5 18. Be2 Nb4 19. Bxb4 Bxb4+ 20. Kf1 O-O-O 21. f4 Nd7 22. a3 Nc5 23. Ng3 Nb3 24. Rd1 Bc5 {0-1 Slovineanu,V (2412)-Kukhmazov,A (2500) Titled Tue 21st May Late 2024 (2)}) ({RR} 10. Ndxc4 Nxe5 11. Nxe5 Bb4+ 12. Bd2 Bxd2+ 13. Qxd2 Nd7 14. Nc4 Nb6 15. f3 Nxc4 16. Bxc4 h5 17. g5 Qd6 18. O-O-O O-O-O 19. Qc3 Kb8 20. b4 Qc7 21. Kb2 Qb6 22. Bb3 Qb5 23. e4 Qb6 24. Rd2 Rd7 {0-1 Velten,P (2437)-Veys,V (2143) FRA-ch Accession 2014 (8)}) 10... Nxe5 11. dxe5 Ne4 12. Qb3 Nc5 13. Qc3 Nd3+ 14. Bxd3 Qxd3 15. Qxd3 Bxd3 16. Nb3 Bb4+ 17. Bd2 Bxd2+ 18. Nxd2 O-O-O 19. Rh2 h5 20. g5 Rd5 21. f4 b6 22. Nb3 c5 23. Rc1 Kb7 24. Nd2 Rhd8 25. Nb1 Bxb1 26. Rxb1 Rd3 27. Re2 g6 28. Rc1 a5 29. Rb1 Kc6 30. Rc1 Kd5 31. Kf2 c4 32. Rec2 Rc8 33. a4 Rc5 34. Ke2 Rb3 35. Rd1+ Kc6 36. Rd6+ Kc7 37. Rcd2 c3 38. Rd7+ Kb8 39. bxc3 Rcxc3 40. Rxf7 Rxe3+ 41. Kd1 Red3 42. Ke2 Re3+ 1/2-1/2

[Event "Olympiad Women 2024"]
[Site "Budapest HUN"]
[Date "2024.09.18"]
[Round "7.32"]
[Board "2"]
[White "Ahmed, Walijah"]
[Black "Diaz Cesar, Wilsaida Pieranlly"]
[Result "0-1"]
[WhiteElo "1936"]
[BlackElo "1900"]
[PlyCount "116"]
[EventDate "2024.09.11"]
[WhiteTeam "Bangladesh"]
[BlackTeam "Dominican Republic"]
[WhiteTeamCountry "BAN"]
[BlackTeamCountry "DOM"]

1. e4 {Szabo,Krisztian} c5 2. Nf3 e6 3. d4 cxd4 4. Nxd4 Nc6 5. Nc3 Qc7 6. Be3 a6 7. Qd2 Nf6 8. f4 d6 ({RR} 8... b5 9. e5 Ng4 ({RR} 9... b4 10. Ncb5 axb5 11. Nxb5 Qb8 12. exf6 gxf6 13. c4 bxc3 14. bxc3 Ra5 ({RR} 14... Rg8) 15. a4 Ba6 16. Kf2 Be7 17. Be2) 10. Bg1 Bb7 11. O-O-O Nxd4 12. Bxd4 Be7 13. Bd3 ({RR} 13. Kb1 O-O 14. Bd3 f5) 13... f5 ({RR} 13... d6 14. Qe2 ({RR} 14. exd6 Bxd6) 14... dxe5 15. fxe5 Nh6 16. Be4 O-O) 14. h3 Nh6 15. Rhg1 O-O 16. Qe3 ({RR} 16. Kb1 Kh8 ({RR} 16... Rac8 17. g4 g6) 17. g4 Bc6) ({RR} 16. g4 g6) 16... Rac8 ({RR} 16... Bc6 17. g4 g6 18. Kb1 b4 19. Ne2 a5) 17. Kb1 Bc6 18. Ne2 Bd5 19. g4 g6 20. b3 Qb7 21. Rdf1 a5 22. Ng3 Bc4 23. Be4 {½-½ Karjakin,S (2766)-Svidler,P (2758) Candidates Tournament 2014 (1)} ({RR} 23. Be2) {RR} 23... fxe4 24. bxc4 Rxc4 ({RR} 24... bxc4+ 25. Ka1) 25. Nxe4 Rfc8 26. Rf2 Qd5 27. Rd2 Rb4+ 28. Ka1 Ra4 29. c3 b4) ({RR} 8... Bb4) ({RR} 8... Bb4 9. Bd3 Na5 10. a3 Bxc3 11. Qxc3 Qxc3+ 12. bxc3 d5 13. e5 Ne4 14. Nb3 Nc4 15. Bxc4 dxc4 16. Na5 Bd7 17. Rb1 b5 18. Bd4 f5 19. exf6 gxf6 20. Ke2 Rg8 21. Rbg1 h5 22. Kf3 f5 23. g3 {½-½ Macak,S (2354)-Alba Fernandez,N (2123) 35th Roquetas de Mar Open 2024 (8.15)}) 9. Bd3 Bd7 10. O-O-O b5 $146 ({RR} 10... Rc8 11. Rhe1 Na5 12. Nb3 Nc4 13. Bxc4 Qxc4 14. e5 dxe5 15. fxe5 Nd5 16. Nxd5 exd5 17. e6 Bxe6 18. Bd4 Be7 19. Kb1 O-O 20. Qf2 Rfe8 21. Rd3 Bh4 22. g3 Be7 23. Rc3 Qb5 24. Nc5 Bf8 25. Rb3 {½-½ Srebrnic,M (2387)-Bosiocic,M (2591) SLO-chT 28th 2018 (5.2)}) 11. h3 b4 12. Nce2 e5 13. Nf3 a5 14. Kb1 a4 15. g4 Na5 16. g5 Nh5 17. Nc1 Nxf4 18. Bxf4 exf4 19. e5 d5 20. Qxf4 b3 21. cxb3 axb3 22. axb3 Nc6 23. Nd4 Nxd4 24. Qxd4 Qa5 25. Ne2 Bb4 26. Rc1 O-O 27. Kc2 Bc5 28. Qc3 Qb6 29. Kd1 Be3 30. Rb1 Rfc8 31. Bxh7+ Kxh7 32. Qd3+ g6 33. Ng3 Bxg5 34. h4 Bg4+ 35. Ke1 Qe3+ 36. Qxe3 Bxe3 37. Ne2 Rc2 38. Nc3 d4 39. Ne4 Bf3 40. Nf6+ Kg7 41. Rh3 Be2 42. Nd5 Bh6 43. Nb4 Bd2+ 44. Kxe2 Bxb4+ 45. Kd3 Rac8 46. Kxd4 Rd2+ 47. Ke4 Rcd8 48. Re3 R8d4+ 49. Kf3 Rxh4 50. Kg3 Rhh2 51. Rf1 Bc5 52. Ree1 Rdg2+ 53. Kf3 Rxb2 54. Rb1 Rxb3+ 55. Rxb3 Rh3+ 56. Ke4 Rxb3 57. Rh1 Bb6 58. Kd5 Bc7 0-1

[Event "Olympiad Women 2024"]
[Site "Budapest HUN"]
[Date "2024.09.18"]
[Round "7.32"]
[Board "3"]
[White "Gonzalez Peguero, Mary Loly"]
[Black "Wadifa, Ahmed"]
[Result "0-1"]
[WhiteElo "1889"]
[BlackElo "1988"]
[PlyCount "62"]
[EventDate "2024.09.11"]
[WhiteTeam "Dominican Republic"]
[BlackTeam "Bangladesh"]
[WhiteTeamCountry "DOM"]
[BlackTeamCountry "BAN"]

1. c4 c5 2. Nc3 Nc6 3. g3 Nf6 4. Bg2 e6 5. e4 a6 6. d3 Rb8 ({RR} 6... Nd4 7. Nge2 Qa5 8. O-O Be7 9. Nxd4 cxd4 10. Ne2 e5 11. f4 exf4 12. Bxf4 Qb6 13. Qd2 O-O 14. Kh1 Ng4 15. Rae1 Ne3 16. Bxe3 dxe3 17. Qc2 Bg5 18. Nf4 Qd4 19. Rf3 d6 20. Rfxe3 Bg4 21. Qc3 {1-0 Olvido,K-Dilla,A FIDE World Uni Rapid-B 1st 2021 (7)}) 7. Nf3 $146 ({RR} 7. a4 Be7 8. Nge2 O-O 9. O-O Ne8 10. Be3 Nc7 11. d4 d6 12. f4 b5 13. dxc5 dxc5 14. axb5 axb5 15. e5 Nb4 16. Qxd8 Rxd8 17. Ra7 Rd7 18. cxb5 Ncd5 19. Rxd7 Bxd7 20. Bf2 Bxb5 21. Nxb5 Rxb5 {½-½ Wynn,Z (2578)-Vijayalakshmi,S (2414) Kuala Lumpur op 2nd 2005 (2)}) 7... d6 8. O-O Be7 9. h3 Qc7 10. Be3 b5 11. b3 O-O 12. Rc1 Rd8 13. Qe2 Bd7 14. cxb5 axb5 15. d4 cxd4 16. Nxb5 Rxb5 17. Qxb5 dxe3 18. Qa6 exf2+ 19. Rxf2 e5 20. Nh4 g6 21. a3 Qc8 22. Qb6 Qa8 23. a4 Rb8 24. Qe3 Nd4 25. Rc7 Rxb3 26. Qh6 Qxa4 27. Rxf6 Bxf6 28. Nf5 Nxf5 29. exf5 Rxg3 30. fxg6 Rxg6 31. Qe3 Bc6 0-1

[Event "Olympiad Women 2024"]
[Site "Budapest HUN"]
[Date "2024.09.18"]
[Round "7.32"]
[Board "4"]
[White "Hamid, Rani"]
[Black "Ramirez Luzon, Franchesca"]
[Result "1-0"]
[WhiteElo "1900"]
[BlackElo "1820"]
[PlyCount "141"]
[EventDate "2024.09.11"]
[WhiteTeam "Bangladesh"]
[BlackTeam "Dominican Republic"]
[WhiteTeamCountry "BAN"]
[BlackTeamCountry "DOM"]

1. e4 c5 2. Nf3 e6 3. d4 cxd4 4. Nxd4 Nf6 5. Nc3 d6 6. Be2 a6 7. O-O b5 8. Bf3 Nfd7 ({RR} 8... e5 9. Nf5 h6 10. Qd3 Be6 11. Rd1 Nc6 12. Nd5 Nxd5 13. exd5 Bxf5 14. Qxf5 Nd4 15. Qe4 Be7 16. Bh5 g6 17. Bxg6 fxg6 18. Qxg6+ Kd7 19. Qg4+ Kc7 20. c3 Nc2 21. Rb1 Rg8 22. Qf5 Qd7 23. Qxd7+ {½-½ El Taher,F (2445)-Ahmed,E (2395) Cairo-A 1997 (4)}) 9. e5 ({RR} 9. a4 b4 10. Na2 a5 11. c3 bxc3 12. Nxc3 Bb7 13. Ndb5 Ne5 14. Be2 Nbc6 15. f4 Ng6 16. Be3 Be7 17. Qd2 Qd7 18. Rad1 O-O 19. Nxd6 Qxd6 20. Qxd6 Bxd6 21. Rxd6 Rfd8 22. Rfd1 Kf8 23. Bb5 Rxd6 {1-0 Ruiz Aguilar,P (2147)-Mesa Baez,S (1857) Bogota El Tablazo Blitz op 2021 (5)}) 9... d5 10. Qe2 $146 ({RR} 10. Be3 Nxe5 11. Bf4 Nxf3+ 12. Qxf3 Bc5 13. Qd3 O-O 14. Bxb8 Bxd4 15. Qxd4 Rxb8 16. Qf4 Bb7 17. Rfd1 Qe7 18. a4 b4 19. Ne2 Rfc8 20. c3 bxc3 21. Nxc3 Bc6 22. Rd2 Rb4 23. Qe3 Rd8 24. a5 d4 {0-1 Berthelot,M (1310)-Tosello,M (1660) FRA-chT 0102 U18 2001 (8.9)}) ({RR} 10. Re1 Nb6 11. a4 b4 12. Nce2 Qc7 13. Nf4 Bc5 14. Nb3 O-O 15. Nxc5 Qxc5 16. b3 a5 17. Nh5 N8d7 18. Be3 Qc7 19. Qd4 f6 20. exf6 e5 21. Bxd5+ {1-0 Kouznetsova,E-Kostbar,K GER-chT U20 Bonn Roettgen 1999 (3.4)}) ({RR} 10. Re1 Nb6 11. b3 Be7 12. Bb2 O-O 13. a4 bxa4 14. Nxa4 Ra7 15. Be2 Nxa4 16. Rxa4 Bd7 17. Ra1 Qb6 18. Bd3 Nc6 19. Nxc6 Qxc6 20. Bd4 Raa8 21. Re3 f5 22. exf6 Bxf6 23. Qh5 h6 24. Be5 Bxe5 {1-0 Yu,S (2300)-Mariano,N (2510) Lee Cup 2nd Beijing 1995 (3)}) 10... Be7 11. g3 Qc7 12. Re1 Nb6 13. Bg2 Bb7 14. Qg4 g6 15. h4 N8d7 16. Nf3 Nc4 17. Qf4 b4 18. Nd1 Ndxe5 19. Nxe5 Bd6 20. Qxf7+ Qxf7 21. Nxf7 Kxf7 22. b3 Na3 23. Bxa3 bxa3 24. c4 Rab8 25. Rc1 d4 26. c5 Bxg2 27. cxd6 Bd5 28. Rc7+ Kf6 29. f4 h5 30. Nf2 Rhd8 31. Nd3 Rxd6 32. Ne5 Rb7 33. Rec1 d3 34. Nxd3 Rxc7 35. Rxc7 Bxb3 36. Ne5 Rd1+ 37. Kf2 Kf5 38. Ke3 Re1+ 39. Kf2 Rh1 40. Rc3 Rh2+ 41. Ke3 Rh3 42. Rxb3 Rxg3+ 43. Nf3 Kg4 44. Ke4 Kh3 45. Rxa3 Kg2 46. Rd3 Kf2 47. a4 Rh3 48. a5 Rh1 49. Rd6 Ra1 50. Rxa6 Ra3 51. Ng5 Ra4+ 52. Ke5 Kg3 53. Nxe6 Kxh4 54. Nf8 Kg3 55. Nxg6 h4 56. Nxh4 Kxh4 57. f5 Ra1 58. Rh6+ Kg5 59. Rg6+ Kh5 60. Ra6 Kg5 61. f6 Re1+ 62. Kd5 Rd1+ 63. Ke6 Re1+ 64. Kf7 Re5 65. Kg7 Kh5 66. f7 Rg5+ 67. Kh7 Rf5 68. Ra7 Rf6 69. Kg7 Rg6+ 70. Kf8 Kh6 71. Ke8 1-0

[Event "Olympiad Women 2024"]
[Site "Budapest HUN"]
[Date "2024.09.18"]
[Round "7.33"]
[Board "1"]
[White "Cvitan, Ena"]
[Black "February, Jesse Nikki"]
[Result "1-0"]
[WhiteElo "2259"]
[BlackElo "2013"]
[PlyCount "73"]
[EventDate "2024.09.11"]
[WhiteTeam "Croatia"]
[BlackTeam "South Africa"]
[WhiteTeamCountry "CRO"]
[BlackTeamCountry "RSA"]

1. d4 d5 2. c4 e6 3. Nc3 a6 4. cxd5 exd5 5. Nf3 h6 6. Bf4 Nf6 7. e3 Bg4 $146 ({RR} 7... Bd6 8. Bxd6 Qxd6 9. Qc2 O-O 10. Bd3 b6 11. O-O Bb7 12. Rac1 Nc6 13. a3 Ne7 14. Nb5 axb5 15. Qxc7 Ne8 16. Qxb7 Rb8 17. Qa6 Nc7 18. Rxc7 Qxc7 19. Qxb5 Rfd8 20. h3 Rd6 21. Ne5 f6 22. Nf3 {0-1 Nguyen,T (2255)-Pham,T (2090) VIE-ch (Women) 2019 (3)}) ({RR} 7... Bd6 8. Be5 c6 9. Bd3 Be7 10. h3 Be6 11. O-O Nbd7 12. Bh2 O-O 13. Rc1 Rc8 14. Bb1 c5 15. dxc5 Nxc5 16. Nd4 Bd6 17. Bxd6 Qxd6 18. Qf3 Qe5 19. Rfd1 Nce4 20. Nce2 Rxc1 21. Rxc1 Rc8 22. Rxc8+ {½-½ Ding,L (2799)-Carlsen,M (2847) FTX Crypto Cup Prelim rapid 2021 (7)}) ({RR} 7... Bd6 8. Be5 c6 9. Bd3 Bg4 10. Qc2 Qe7 11. Bxd6 Qxd6 12. Ne5 Be6 13. O-O c5 14. Qa4+ Nbd7 15. Nxd7 Nxd7 16. dxc5 Qxc5 17. Rac1 O-O 18. Rfd1 Ne5 19. Nxd5 Qxd5 20. Bh7+ Kxh7 21. Rxd5 Bxd5 22. Qd4 {1-0 Lazavik,D (2572)-Svidler,P (2689) Titled Tue 21st May Early 2024 (7)}) ({RR} 7... b6 8. Be2 Bb7 9. O-O Bd6 10. Ne5 Nbd7 11. Bg4 Qe7 12. Nxd7 Nxd7 13. Bf3 Nf6 14. Re1 O-O 15. Bxd6 Qxd6 16. Qc2 Rfe8 17. g3 Re7 18. Rab1 c5 19. dxc5 bxc5 20. Na4 Rc8 21. Rbc1 Rec7 22. Qd2 {0-1 Kuseyri,M (1962)-Gulsoy,M (2061) Istanbul op-A 2018 (9)}) 8. Qb3 Bxf3 9. Qxb7 Nbd7 10. gxf3 Rb8 11. Qxc7 Rxb2 12. Qxd8+ Kxd8 13. a3 g5 14. Bg3 Rc2 15. Na4 Rc6 16. Bd3 Bxa3 17. Rxa3 Rc1+ 18. Kd2 Rxh1 19. Nc5 Ke7 20. Rxa6 Rc8 21. Bf5 Nxc5 22. dxc5 Rd8 23. Bc7 Ne8 24. Bxd8+ Kxd8 25. Ra8+ Ke7 26. Ra7+ Kf6 27. Bd7 Rxh2 28. Bxe8 Rxf2+ 29. Kd3 Ke5 30. Re7+ Kf6 31. Rxf7+ Ke6 32. Rh7 Rxf3 33. Bd7+ Ke5 34. Re7+ Kf6 35. Re6+ Kf7 36. c6 d4 37. c7 1-0